000 00944cab a22002175a 4500
001 L157564
008 130121e20130119xxk 000 0 eng d
035 _a(Sirsi) u157564
041 0 _aeng
100 1 _aDowden, Malcolm
245 0 0 _aDon't miss the connection for HS2 compensation
260 _c2013
490 _aEstates Gazette
_v(1303) 19 January 2013, 81(1)
520 _aExplains compensation proposals for properties affected by the planned HS2 high speed rail network. Warns that any enhanced provisions will not apply to owner occupiers of business premises with a rateable value above £34 800 or the landlord or tenant of commercially let premises large or small. In these cases the minimum statutory provisions for compulsory purchase would apply.
590 _aKA
651 4 _aUnited Kingdom
690 _aCompulsory purchase
_96228
690 _aInfrastructure
_96246
690 _aEnvironment
_96238
942 _n0
_2ddc
999 _c84412
_d84412